00924cpcaa2200253 4500001001300000003000400013005001700017008004100034010001700075040002400092072001200116245006000128300001400188300001900202506002200221520022200243546003600465650002300501650001300524651002800537651004400565651004400609999001700653mm 81077958 DLC20260227111710.0811028|||||||||||| eng  amm 81077958  aDLCcDLCedacsdDLC 7aC2lcmd00aAnalecta Anglicana :kcommonplace-books,f18th century. a5fitems. a5fcontainers.0 aOpen to research.8 aCommonplace-books entitled "Analecta Anglicana" kept by an unknown person, consisting of notes, extracts, cut materials from printed items, and engravings relating to English history, government, culture, and society. aCollection material in English. 0aCommonplace books. 0aCulture. 0aGreat BritainxHistory. 0aGreat BritainxPolitics and government. 0aGreat BritainxSocial life and customs. c43286d43286